01446nam a2200385 i 450000100060000000300080000600500170001400600190003100700150005000800410006502000180010602000270012403500230015103500240017403500250019803500210022304000310024405000240027508200210029924501020032026400570042230000250047933600310050433700330053533800430056850000230061159001640063465000490079865000420084765500270088970000460091679700190096285600620098199900170104371979FlNmELB20241217143338.0m o d | cr cnu||||||||131120s2013 sp o 001 0 spa d z9788496877597 a9788496877603 (e-book) a(MiAaPQ)EBC3215560 a(Au-PeEL)EBL3215560 a(CaPaEBR)ebr10779618 a(OCoLC)991952386 aFINmELBbspaerdacFINmELB 4aHB117.A2bE194 20130 a330.0946090322300aEconomía y economistas andaluces (siglos XVI al XX) /cRocío Sánchez Lissen (coordinadora). 1aMadrid :bEcobook - Editorial del Economista,c2013. a1 recurso en línea atextobtxt2rdacontent/spa acomputadorabc2rdamedia/spa arecurso en líneabcr2rdacarrier/spa aContiene índice. aRecurso electrónico. Santa Fe, Arg.: e-libro, 2015. Disponible vía World Wide Web. El acceso puede estar limitado para las bibliotecas afiliadas a e-libro. 4aEconomíazEspañazAndalucíaxHistoria. 0aEconomicszSpainzAndalusiaxHistory. 4aLibros electrónicos.1 aSánchez Lissen, Rocío,ecoordinadora.2 ae-libro, Corp.40uhttps://elibro.net/ereader/politecnicointernacional/60463 c71979d71979